| Tag |
First Indicator |
Second Indicator |
Subfields |
| LEADER |
00000cam a2200000 a 4500 |
| 001 |
in00000065107 |
| 005 |
20230822104538.0 |
| 008 |
901227s1963 njua b 001 0 eng d |
| 010 |
|
|
|a 63019437
|
| 019 |
|
|
|a 3932347
|
| 029 |
1 |
|
|a NLGGC
|b 115462589
|
| 035 |
|
|
|a (OCoLC)ocm22901489
|
| 035 |
|
|
|a (OCoLC)22901489
|z (OCoLC)3932347
|
| 035 |
|
|
|a (OCoLC)ocm22901489
|
| 040 |
|
|
|a KSU
|b eng
|c KSU
|d APL
|d OCL
|d OCLCQ
|d OCLCF
|d OCLCQ
|d OCLCO
|d UWO
|d OCLCO
|d OCLCQ
|
| 050 |
|
4 |
|a HD9820.5
|b .B55 1972
|
| 082 |
0 |
4 |
|a 658.89676
|b B565w
|
| 245 |
0 |
4 |
|a The wholesaling and distribution of paper /
|c edited by Floyd H. Blackman.
|
| 260 |
|
|
|a Englewood Cliffs, N.J. :
|b Prentice-Hall,
|c ©1963.
|
| 300 |
|
|
|a xviii, 253 pages :
|b illustrations ;
|c 24 cm
|
| 336 |
|
|
|a text
|b txt
|2 rdacontent
|
| 337 |
|
|
|a unmediated
|b n
|2 rdamedia
|
| 338 |
|
|
|a volume
|b nc
|2 rdacarrier
|
| 504 |
|
|
|a Includes bibliographical references (pages 243-245) and index.
|
| 650 |
|
0 |
|a Paper industry.
|
| 650 |
|
6 |
|a Papier
|x Industrie.
|
| 650 |
|
7 |
|a Paper industry.
|2 fast
|0 (OCoLC)fst01052447
|
| 700 |
1 |
|
|a Blackman, Floyd H.
|
| 776 |
0 |
8 |
|i Online version:
|t Wholesaling and distribution of paper.
|d Englewood Cliffs, N.J. : Prentice-Hall, ©1963
|w (OCoLC)904148766
|
| 948 |
|
|
|h HELD BY TXA - 80 OTHER HOLDINGS
|
| 994 |
|
|
|a Z0
|b TXA
|
| 999 |
f |
f |
|s 35290a37-a2c5-3aca-be18-730011a42400
|i 68b629b6-4568-35b7-803b-be325fc49790
|t 0
|
| 952 |
f |
f |
|p ric
|a Texas A&M University
|b Rellis Campus
|c Joint Library Facility
|s JLF
|d Remote Storage
|t 0
|e HD9820.5 .B55
|h Library of Congress classification
|i unmediated -- volume
|m A14800766483
|